000 00362nam a22001457a 4500
003 macl
005 20200223115508.0
008 200223b xxu||||| |||| 00| 0 eng d
040 _cmacl
100 _aKhullar, Rajeev
_978383
245 _aMagnificent Personalities of India
260 _aDelhi
_bKumar pub
_c2018
650 _aBiography
_978384
942 _2ddc
_cBK
999 _c62201
_d62201